The book of Acts in history. (Record no. 1539)
[ view plain ]
| 000 -LEADER | |
|---|---|
| fixed length control field | 00764cam a22002531 4500 |
| 001 - CONTROL NUMBER | |
| control field | 7456591 |
| 003 - CONTROL NUMBER IDENTIFIER | |
| control field | GBCCL |
| 005 - DATE AND TIME OF LATEST TRANSACTION | |
| control field | 20241126110403.0 |
| 008 - FIXED-LENGTH DATA ELEMENTS--GENERAL INFORMATION | |
| fixed length control field | 750716s1955 nyu 000 0 eng |
| 010 ## - | |
| -- | 55009829 |
| 035 ## - SYSTEM CONTROL NUMBER | |
| System control number | (OCoLC)1452275 |
| 040 ## - CATALOGING SOURCE | |
| Original cataloging agency | DLC |
| Transcribing agency | MCED |
| Modifying agency | PPLT |
| -- | DLC |
| 042 ## - | |
| -- | premarc |
| 050 00 - | |
| -- | BS2625 |
| -- | .C27 1955a |
| 082 ## - DEWEY DECIMAL CLASSIFICATION NUMBER | |
| Classification number | 226.6095 |
| Item number | CAD |
| 100 1# - MAIN ENTRY--PERSONAL NAME | |
| Personal name | Cadbury, Henry J. |
| Fuller form of name | (Henry Joel), |
| Dates associated with a name | 1883-1974. |
| 9 (RLIN) | 3101 |
| 245 14 - TITLE STATEMENT | |
| Title | The book of Acts in history. |
| 260 ## - PUBLICATION, DISTRIBUTION, ETC. | |
| Place of publication, distribution, etc. | New York, |
| Name of publisher, distributor, etc. | Harper |
| Date of publication, distribution, etc. | [1955] |
| 300 ## - PHYSICAL DESCRIPTION | |
| Extent | 170 p. |
| Dimensions | 22 cm. |
| 630 00 - SUBJECT ADDED ENTRY--UNIFORM TITLE | |
| Uniform title | Bible. |
| Name of part/section of a work | Acts |
| General subdivision | History of contemporary events. |
| 9 (RLIN) | 2279 |
| 630 00 - SUBJECT ADDED ENTRY--UNIFORM TITLE | |
| Uniform title | Bible. |
| Name of part/section of a work | Acts |
| General subdivision | Criticism, interpretation, etc. |
| 9 (RLIN) | 2267 |
| 906 ## - LOCAL DATA ELEMENT F, LDF (RLIN) | |
| a | 7 |
| b | cbc |
| c | oclcrpl |
| d | u |
| e | ncip |
| f | 19 |
| g | y-gencatlg |
| 942 ## - ADDED ENTRY ELEMENTS (KOHA) | |
| Source of classification or shelving scheme | Dewey Decimal Classification |
| Koha item type | Books |
| Koha issues (borrowed), all copies | 4 |
| Withdrawn status | Lost status | Source of classification or shelving scheme | Damaged status | Not for loan | Home library | Current Library | Shelving location | Date acquired | Total checkouts | Full call number | Barcode | Date last seen | Date last checked out | Copy number | Price effective from | Koha item type |
|---|---|---|---|---|---|---|---|---|---|---|---|---|---|---|---|---|
| Dewey Decimal Classification | GRACE BIBLE COLLEGE | GRACE BIBLE COLLEGE | Biblical Studies | 2017-05-04 | 4 | 226.6095 CAD | 004143 | 2025-05-01 | 2024-06-10 | c.1 | 2017-05-04 | Books |